[Event "Challenge"]
[Site "http://www.queenalice.com/game.php?id=26774"]
[Date "2005.9.1"]
[Round "-"]
[White "ramsay"]
[Black "igorrs"]
[Result "0-1"]
[WhiteElo "1627"]
[BlackElo "1814"]

1. e4 e5 2. Nf3 Nf6 3. g3 d5 4. Bg2 Nxe4 5. Nxe5 Bd6 6. d3 Nf6 7. Qe2 O-O 8. Bg5
Re8 9. d4 Nc6 10. f4 Nxd4 11. Bxf6 Qxf6 12. Qf2 Bxe5 13. fxe5 Qxf2+ 14. Kxf2
Nxc2 15. Nc3 Nxa1 16. Rxa1 Rxe5 17. Bxd5 c6 18. Bf3 Be6 19. Rd1 Re8 20. h4 g6
21. Ne4 Re7 22. g4 Bxa2 23. g5 Rxe4 24. Bxe4 Rxe4 25. Kg3 a6 26. h5 gxh5 27. Rd6
Re2 28. Kh4 Rxb2 29. Kxh5 Be6 30. Kh6 Rh2# 0-1

[Event "UKMSS Chess 2005 - Round 4"]
[Site "http://www.queenalice.com/game.php?id=30668"]
[Date "2005.9.27"]
[Round "-"]
[White "ramsay"]
[Black "vindaloo"]
[Result "1/2-1/2"]
[WhiteElo "1571"]
[BlackElo "1697"]

1. e4 e5 2. Nf3 Nc6 3. Nc3 Nh6 4. d4 Ng4 5. h3 exd4 6. Nxd4 Nge5 7. Bf4 d6 8.
Bb5 Bd7 9. O-O a6 10. Ba4 b5 11. Bb3 Qf6 12. Bxe5 dxe5 13. Nd5 Qd8 14. Nxc6 Bxc6
15. Qf3 Qd7 16. Nf6+ gxf6 17. Qxf6 Rg8 18. Bxf7+ Qxf7 19. Qxc6+ Qd7 20. Qxa8+
Kf7 21. Qd5+ Qe6 22. Qxe6+ Kxe6 23. Rad1 Bd6 24. Rd3 Kd7 25. Rfd1 Re8 26. Re1
Ke7 27. a3 h5 28. b4 h4 29. f4 Rf8 30. f5 Rf6 31. g4 c5 32. bxc5 Bxc5+ 33. Kh1
Rc6 34. Red1 Bd4 35. R1d2 Kf6 36. Rg2 Kg5 37. Rf3 Rf6 38. c3 Bc5 39. Rd2 Bxa3
40. Rd8 Bc1 41. Rg8+ Kh6 42. Rg6+ Rxg6 43. fxg6 Kxg6 44. Rf5 Bf4 45. Rf8 Bd2 46.
Ra8 Bxc3 47. Rxa6+ Kg5 48. Ra2 Kf4 49. Rg2 Kxe4 50. g5 Kf3 51. Kg1 e4 52. Rf2+
Ke3 53. Kf1 b4 54. Ra2 Kd3 55. g6 b3 56. Ra7 b2 57. Rb7 Kc2 58. Ke2 Bd4 59. Rc7+
Kb3 60. g7 Bxg7 61. Rxg7 Kc2 62. Rb7 b1=Q 63. Rxb1 Kxb1 64. Ke3 Kc2 65. Kxe4 Kc3
1/2-1/2

[Event "Challenge"]
[Site "http://www.queenalice.com/game.php?id=33257"]
[Date "2005.10.14"]
[Round "-"]
[White "ramsay"]
[Black "Croftsy"]
[Result "1-0"]
[WhiteElo "1582"]
[BlackElo "1089"]

1. e4 e5 2. Nf3 d6 3. Bc4 Bg4 4. h3 Bh5 5. d3 Qf6 6. Bg5 Qg6 7. g4 f6 8. gxh5
Qxh5 9. Bd2 g6 10. c3 g5 11. Qb3 Qxf3 12. Rf1 b6 13. Bf7+ Kd8 14. Qe6 Ne7 15.
Na3 g4 16. hxg4 Nbc6 17. Nc4 Qxd3 18. Nxe5 dxe5 19. Qxf6 Qxe4+ 20. Be3 Kd7 21.
Rd1+ Nd5 22. Qe6+ Kd8 23. Qe8# 1-0

[Event "UKOSG Round 5"]
[Site "http://www.queenalice.com/game.php?id=34866"]
[Date "2005.10.25"]
[Round "-"]
[White "ramsay"]
[Black "Reddaz"]
[Result "0-1"]
[WhiteElo "1582"]
[BlackElo "1508"]

1. e4 e5 2. Nf3 Qf6 3. Bc4 Bc5 4. d3 d6 5. Bg5 Qg6 6. h4 h6 7. h5 Qh7 8. Bh4 g6
9. c3 g5 10. Bg3 Bg4 11. Qb3 Bb6 12. Nh2 Bxh5 13. f3 Nf6 14. d4 exd4 15. e5 d5
16. exf6 dxc4 17. Qxc4 Nc6 18. Qe2+ Kd7 19. Nd2 Rad8 20. O-O-O Kc8 21. Ne4 Rhe8
22. Qd3 Bg6 23. Rhe1 dxc3 24. Qxc3 Bxe4 25. Rxd8+ Rxd8 26. fxe4 Ba5 27. Qe3 Bxe1
28. Qxe1 Nd4 29. Qe3 Qg6 30. Ng4 h5 31. Nf2 Qxf6 32. Nd1 Qc6+ 33. Nc3 f6 34. Be1
b5 35. Kd1 Nf5+ 36. Qd2 Rxd2+ 37. Bxd2 b4 38. Nd5 Ng3 39. Ne7+ Kb7 40. Nxc6 Kxc6
41. Bxb4 Kb5 42. Be7 Nxe4 43. Ke2 g4 44. Ke3 f5 45. Kf4 Nd6 46. Bxd6 cxd6 47.
Kxf5 d5 48. Kf4 Kc4 49. Ke3 d4+ 50. Ke2 d3+ 51. Ke3 g3 52. b4 h4 53. a4 h3 54.
a5 hxg2 55. Kd2 Kxb4 56. a6 Kc4 0-1

[Event "Challenge"]
[Site "http://www.queenalice.com/game.php?id=35024"]
[Date "2005.10.26"]
[Round "-"]
[White "Croftsy"]
[Black "ramsay"]
[Result "0-1"]
[WhiteElo "1174"]
[BlackElo "1548"]

1. e4 Nc6 2. Nh3 Nf6 3. Nc3 e5 4. Qe2 Bc5 5. Qc4 Ng4 6. Qxc5 Qf6 7. f3 Nh6 8.
Nb5 d6 9. Qc4 Qe7 10. g3 Be6 11. Qc3 d5 12. d3 a6 13. exd5 Bxd5 14. Na3 Bxf3 15.
Rg1 e4 16. Qxg7 exd3+ 17. Kf2 Qc5+ 18. Kxf3 Qf5+ 19. Kg2 Qe4+ 20. Kf2 Ng4+ 21.
Qxg4 Qxg4 22. Nf4 Ne5 23. cxd3 Qf3+ 24. Ke1 O-O-O 25. Nc4 Nxc4 26. Be2 Rhe8 27.
Rf1 Rxe2+ 28. Nxe2 Qxd3 29. b3 Re8 30. Rf2 Qc3+ 31. Kf1 Qxa1 32. a4 Nd2+ 33. Kg2
Nxb3 34. Bg5 Qxa4 35. h4 Qe4+ 36. Kf1 Re6 37. Nc3 Qh1# 0-1

[Event "Challenge"]
[Site "http://www.queenalice.com/game.php?id=36501"]
[Date "2005.11.4"]
[Round "-"]
[White "Jorge"]
[Black "ramsay"]
[Result "1-0"]
[WhiteElo "1340"]
[BlackElo "1592"]

1. e4 e5 2. Nf3 Nc6 3. c3 g6 4. Bc4 Nf6 5. O-O Nxe4 6. d3 Nd6 7. Bb3 e4 8. dxe4
Nxe4 9. Nbd2 Nc5 10. Bc2 Bg7 11. b4 Nxb4 12. cxb4 Bxa1 13. bxc5 c6 14. Nb3 Bg7
15. Re1+ Kf8 16. Nbd4 d5 17. Ng5 Qf6 18. Rf1 Qxd4 19. Qf3 Bf6 20. Be3 Qe5 21. h4
Bxg5 22. Bxg5 d4 23. Bf4 Qxc5 24. Bb3 Bf5 25. g4 Qd5 26. Qg3 Qd8 27. gxf5 Rg8
28. Bh6+ Ke8 29. Re1+ Kd7 30. Bg5 Qa5 31. Re7+ Kc8 32. fxg6 hxg6 33. Qg4+ f5 34.
Qf4 Rf8 35. Qxd4 f4 36. Qd7+ Kb8 37. Qd6+ 1-0

[Event "Challenge"]
[Site "http://www.queenalice.com/game.php?id=37201"]
[Date "2005.11.9"]
[Round "-"]
[White "ramsay"]
[Black "eloisioo"]
[Result "1-0"]
[WhiteElo "1580"]
[BlackElo "1399"]

1. e4 a6 2. d4 d5 3. Nc3 dxe4 4. Nxe4 Bf5 5. Bd3 Qd5 6. Qe2 Bxe4 7. Bxe4 Qa5+ 8.
Bd2 Qb6 9. Be3 Qxb2 10. Qd1 c6 11. Qb1 Qc3+ 12. Ke2 b5 13. Nf3 Nf6 14. Bd3 h6
15. Qb3 Qxb3 16. axb3 Nd5 17. Ne5 e6 18. c4 bxc4 19. bxc4 Nc3+ 20. Kd2 Bb4 21.
Kc2 a5 22. Bd2 O-O 23. Bxc3 c5 24. Bxb4 cxb4 25. Kb3 Rd8 26. Be4 Ra7 27. Nc6
Nxc6 28. Bxc6 Rxd4 29. Rhd1 Rf4 30. f3 Rc7 31. Be4 f5 32. Rd8+ Kf7 33. Bd3 Ra7
34. Rd1 Ke7 35. Be2 Rh4 36. h3 g5 37. c5 e5 38. c6 Rc7 39. R1d7+ Rxd7 40. Rxd7+
Ke8 41. Rd5 f4 42. c7 e4 43. c8=Q+ 1-0

[Event "Challenge"]
[Site "http://www.queenalice.com/game.php?id=37202"]
[Date "2005.11.9"]
[Round "-"]
[White "Great_White"]
[Black "ramsay"]
[Result "0-1"]
[WhiteElo "1560"]
[BlackElo "1556"]

1. e4 e5 2. Nf3 Nc6 3. Bc4 h6 4. O-O Nf6 5. d3 Bc5 6. a3 a5 7. a4 O-O 8. Bd2 d6
9. Qe2 Bg4 10. Be3 Bd4 11. Bxd4 Nxd4 12. Qd1 Bxf3 13. gxf3 Nh5 14. c3 Ne6 15. d4
Nef4 16. Kh1 Nh3 17. dxe5 N5f4 18. Rg1 Nxf2# 0-1

[Event "Challenge"]
[Site "http://www.queenalice.com/game.php?id=37558"]
[Date "2005.11.11"]
[Round "-"]
[White "Croftsy"]
[Black "ramsay"]
[Result "0-1"]
[WhiteElo "1250"]
[BlackElo "1550"]

1. d4 e6 2. e4 b6 3. e5 Bb7 4. g3 Bxh1 5. Nf3 Bxf3 6. Qxf3 Nc6 7. Nd2 Nxd4 8.
Qd3 Nc6 9. f4 Nb4 10. Qe4 d5 11. exd6 Bxd6 12. Bb5+ Kf8 13. c3 f5 14. Qxe6 Nc2+
15. Kd1 Nxa1 16. Qxf5+ Qf6 17. Qd7 Rd8 18. Qg4 Bc5 19. Qe2 Qf7 20. b3 Qf5 21.
Bb2 Qb1+ 22. Bc1 Qc2+ 23. Ke1 Qxc1+ 24. Qd1 Nc2+ 25. Ke2 Re8+ 26. Bxe8 Qxd1+ 27.
Kxd1 Ne3+ 28. Ke2 Kxe8 29. b4 Bxb4 30. cxb4 Nd5 31. Nc4 Nxb4 32. a3 Nd5 33. h4
Ngf6 34. Ne5 c5 35. Nc6 a5 36. Kd3 Kf7 37. Kc4 Nc7 38. Ne5+ Ke6 39. g4 Rd8 40.
g5 Rd4+ 41. Kb3 Nfd5 42. g6 Rxf4 0-1

[Event "UKOSG Chess League"]
[Site "http://www.queenalice.com/game.php?id=40045"]
[Date "2005.11.27"]
[Round "-"]
[White "ramsay"]
[Black "Mick_Gray"]
[Result "1-0"]
[WhiteElo "1539"]
[BlackElo "1475"]

1. e4 e5 2. Nf3 Nc6 3. d4 Bb4+ 4. c3 Ba5 5. b4 Bb6 6. d5 Nce7 7. Nxe5 Ng6 8. Bf4
Nxe5 9. Bxe5 Qe7 10. Bxg7 Qxe4+ 11. Qe2 Qxe2+ 12. Bxe2 c5 13. a3 cxb4 14. axb4
d6 15. O-O Bf5 16. Bxh8 f6 17. Re1 O-O-O 18. Bg7 Rd7 19. Bf8 Kc7 20. h3 Rf7 21.
Bb5 Bd7 22. Bxd7 Kxd7 23. Bxd6 Kxd6 24. Na3 Kxd5 25. Rad1+ Kc6 26. Re6+ Kc7 27.
Nb5+ Kb8 28. Re8+ Bd8 29. Rdxd8# 1-0

[Event "Challenge"]
[Site "http://www.queenalice.com/game.php?id=40382"]
[Date "2005.11.28"]
[Round "-"]
[White "pineapple"]
[Black "ramsay"]
[Result "1-0"]
[WhiteElo "1384"]
[BlackElo "1555"]

1. e4 Nc6 2. d4 e6 3. c4 Bb4+ 4. Nc3 Nf6 5. f3 O-O 6. Be3 Qe7 7. Be2 h6 8. Nh3
b6 9. O-O Bb7 10. e5 Nh5 11. a3 Bxc3 12. bxc3 Rad8 13. f4 Qh4 14. Bxh5 Ba6 15.
Be2 d5 16. cxd5 Bxe2 17. Qxe2 Rxd5 18. f5 exf5 19. Rxf5 Qe4 20. Raf1 Nd8 21.
R5f4 Qg6 22. Rg4 Qe6 23. Bxh6 Qxh6 24. Qe4 Rd7 25. Rh4 Qg6 26. Qxg6 fxg6 27. Rg4
Rdf7 28. Rxf7 Rxf7 29. Rxg6 c6 30. Rd6 Nb7 31. Rxc6 a5 32. Rxb6 Rc7 33. Rb5 Kf7
34. Nf4 a4 35. Kf2 Nd8 36. Ne2 Ke6 37. Ke3 Nf7 38. Kd3 Kf5 39. h3 Kg5 40. e6+
1-0

[Event "Challenge"]
[Site "http://www.queenalice.com/game.php?id=41317"]
[Date "2005.12.3"]
[Round "-"]
[White "mav40121"]
[Black "ramsay"]
[Result "1-0"]
[WhiteElo "1591"]
[BlackElo "1557"]

1. e4 e5 2. Nf3 Nf6 3. Nxe5 Nxe4 4. Qe2 d5 5. d4 Bd6 6. f4 Bxe5 7. fxe5 Nc6 8.
c3 O-O 9. Nd2 Qh4+ 10. Kd1 Nf2+ 11. Kc2 Bf5+ 12. Kb3 Nxh1 13. g3 Qh6 14. Bg2
Na5+ 15. Ka3 Nc4+ 16. Nxc4 Qa6+ 17. Kb4 c5+ 18. dxc5 Qxc4+ 19. Qxc4 dxc4 20.
Bxh1 Rfb8 21. Kxc4 Be6+ 22. Kb4 a5+ 23. Kb5 Bd7+ 24. Kc4 Ra6 25. Bf4 a4 26. Kb4
Bc6 27. e6 Bxh1 28. Bxb8 Bc6 29. exf7+ Kxf7 30. Rf1+ Kg8 31. Bd6 g6 32. h4 b6
33. Rf6 Ra5 34. c4 b5 35. Bc7 1-0

[Event "Challenge"]
[Site "http://www.queenalice.com/game.php?id=41318"]
[Date "2005.12.3"]
[Round "-"]
[White "ramsay"]
[Black "mav40121"]
[Result "0-1"]
[WhiteElo "1529"]
[BlackElo "1781"]

1. e4 e5 2. Nf3 d6 3. Nc3 Bg4 4. h3 Bh5 5. Bc4 c6 6. d3 h6 7. O-O Nf6 8. d4 exd4
9. Qxd4 Bxf3 10. gxf3 Qb6 11. Qxb6 axb6 12. Re1 b5 13. Bb3 Nbd7 14. f4 O-O-O 15.
Bxf7 Nc5 16. e5 dxe5 17. Rxe5 b4 18. Ne2 Rd1+ 19. Kh2 Nce4 20. c3 Nxf2 21. a3
bxc3 22. bxc3 Nd3 23. Ra5 Bd6 24. Ra8+ Bb8 25. Be6+ Kc7 26. f5 Re8 27. Ra4 g6
28. Rd4 Kb6+ 29. Kg2 Ne1+ 30. Kf1 Nc2+ 31. Rxd1 Nxa1 32. Be3+ Ka5 33. Rxa1 Bd6
34. Bxh6 Ka4 35. fxg6 Rxe6 36. g7 Ng8 37. Bf4 Bxf4 38. Nxf4 Rf6 39. Re1 Rxf4+
40. Kg2 Rf7 41. Re4+ Kxa3 42. Rg4 Rd7 43. Rg3 Rd2+ 44. Kf1 Rd7 45. h4 Rd6 46. h5
Rh6 47. Rg5 Kb3 48. Rf5 Rh7 49. Rg5 Kxc3 50. Kf2 Kd4 51. Kf3 c5 52. Rg4+ Ke5 53.
Rg5+ Kf6 54. Kf4 Rxg7 55. Rf5+ Ke6 56. Rxc5 Nf6 57. h6 Rf7 58. Rc8 b5 59. Rb8
Nd7+ 60. Kg5 Nxb8 61. Kg6 b4 62. h7 Rxh7 0-1

[Event "UKOSG Tournament"]
[Site "http://www.queenalice.com/game.php?id=47229"]
[Date "2006.1.10"]
[Round "-"]
[White "ramsay"]
[Black "philb"]
[Result "1-0"]
[WhiteElo "1523"]
[BlackElo "1179"]

1. e4 e5 2. Nf3 Nc6 3. Bc4 Nh6 4. d3 a6 5. Ng5 Qf6 6. h3 Bc5 7. O-O Bxf2+ 8.
Rxf2 b5 9. Rxf6 gxf6 10. Bd5 fxg5 11. Bxg5 Ng8 12. Qf3 f6 13. Bxf6 Nd4 14. Qh5+
Kf8 15. Qf7# 1-0

[Event "UKOSG League Round 8"]
[Site "http://www.queenalice.com/game.php?id=50783"]
[Date "2006.2.2"]
[Round "-"]
[White "PaulB42"]
[Black "ramsay"]
[Result "0-1"]
[WhiteElo "1489"]
[BlackElo "1525"]

1. e4 e5 2. Nc3 Bc5 3. Qf3 b6 4. Bc4 Nf6 5. Nh3 h6 6. O-O d6 7. Nd5 c6 8. Ne3 g5
9. Qe2 g4 10. d4 Bxd4 11. c3 Bxe3 12. Bxe3 gxh3 13. Qf3 Bg4 14. Qg3 Rg8 15. f3
Be6 16. Qh4 Rxg2+ 17. Kh1 Bxc4 18. Qxh3 Bxf1 19. Rxf1 Rxb2 20. Qxh6 Rxa2 21. Bg5
Nbd7 22. f4 Qe7 23. fxe5 Qxe5 24. Qh8+ Ke7 25. Qh4 Rh8 26. Qxh8 Qxe4+ 0-1

[Event "Fevereiro 2006"]
[Site "http://www.queenalice.com/game.php?id=51143"]
[Date "2006.2.5"]
[Round "-"]
[White "mauricio_sm"]
[Black "ramsay"]
[Result "1-0"]
[WhiteElo "1556"]
[BlackElo "1566"]

1. e4 e5 2. Nf3 Nc6 3. Bb5 Nf6 4. Bxc6 dxc6 5. d3 Bg4 6. Nbd2 Bc5 7. a3 O-O 8.
b4 Bd4 9. Rb1 Qd7 10. h3 Bxf3 11. Nxf3 Bc3+ 12. Bd2 Bxd2+ 13. Qxd2 Qe6 14. Ng5
Qa2 15. O-O Rad8 16. Ra1 Qc4 17. Rfd1 Qa6 18. Qc3 h6 19. Nf3 Rfe8 20. Nxe5 Qb5
21. f4 Qb6+ 22. Kh2 Qe3 23. Rf1 Nxe4 24. Qe1 Qxe1 25. Raxe1 Nc3 26. Nf3 Kf8 27.
Rxe8+ Rxe8 28. g4 Re2+ 29. Kg3 Rxc2 30. Nd4 Ra2 31. g5 Rd2 32. Rf3 hxg5 33. fxg5
Nb5 34. Nxb5 cxb5 35. h4 Ra2 36. d4 Rd2 37. g6 f6 38. Rc3 c6 39. h5 Rxd4 40. Rf3
Rd5 41. Kg4 Rd4+ 42. Kg3 b6 43. h6 gxh6 44. Rxf6+ Kg7 45. Rxc6 Rd3+ 46. Kf4 Rxa3
47. Kf5 Rf3+ 48. Ke5 h5 49. Ke4 Rg3 50. Kf5 h4 51. Rc7+ Kh6 52. Rh7# 1-0

[Event "Challenge"]
[Site "http://www.queenalice.com/game.php?id=59031"]
[Date "2006.3.23"]
[Round "-"]
[White "li2carpio"]
[Black "ramsay"]
[Result "0-1"]
[WhiteElo "1799"]
[BlackElo "1540"]

1. e4 e5 2. Nf3 Nc6 3. d4 exd4 4. Nxd4 Bc5 5. Nf3 Nf6 6. Bg5 Qe7 7. Nc3 a6 8.
Bc4 Bxf2+ 9. Kxf2 Qc5+ 10. Be3 Ng4+ 11. Ke1 Nxe3 12. Bxf7+ Kxf7 13. Qd2 Nb4 14.
Nd4 Qxd4 15. Qxd4 Nexc2+ 16. Kd2 Nxd4 17. Rhf1+ Kg6 18. a3 Nb3+ 19. Ke2 Nxa1 0-1

[Event "Challenge"]
[Site "http://www.queenalice.com/game.php?id=68669"]
[Date "2006.5.12"]
[Round "-"]
[White "azumi"]
[Black "ramsay"]
[Result "0-1"]
[WhiteElo "1480"]
[BlackElo "1550"]

1. e4 e5 2. Nf3 Nc6 3. Bb5 a6 4. Bxc6 dxc6 5. Nxe5 Qd4 6. Nd3 Qxe4+ 7. Qe2 Qxe2+
8. Kxe2 Bf5 9. Re1 O-O-O 10. Kf1 Bd6 11. Nc3 Bxh2 12. b3 Rxd3 13. cxd3 Bxd3+ 14.
Ne2 Be5 15. Ba3 Bxa1 16. Rxa1 Bxe2+ 17. Kxe2 Nf6 18. Kf1 Rd8 19. Be7 Rxd2 20.
Ke1 Ne4 21. f3 Rxg2 22. Rd1 Rg1+ 23. Ke2 Nc3+ 24. Kf2 Rxd1 25. Bb4 Nxa2 26. Ba5
Rb1 27. Ke3 Rxb3+ 28. Ke4 Rb1 29. f4 Rd1 30. f5 b6 31. Bxb6 cxb6 32. Ke5 Rf1 33.
Kd6 Rxf5 34. Kxc6 Rf6+ 35. Kd5 h5 0-1

[Event "Scotland x Brazil"]
[Site "http://www.queenalice.com/game.php?id=71213"]
[Date "2006.5.24"]
[Round "-"]
[White "ramsay"]
[Black "franckscarduelli"]
[Result "1-0"]
[WhiteElo "1563"]
[BlackElo "1528"]

1. e4 e5 2. b3 d6 3. Bb2 Nf6 4. Nf3 Bg4 5. h3 Be6 6. Ng5 h6 7. Nxe6 Qe7 8. Nxf8
Qxf8 9. Qe2 Nc6 10. Qc4 Qe7 11. Qb5 Rb8 12. Nc3 a6 13. Qa4 O-O 14. Bc4 a5 15.
Nd5 Nxd5 16. Bxd5 b5 17. Qa3 Nb4 18. Rc1 Ra8 19. Bxa8 Rxa8 20. Bc3 Nc6 21. Qb2
b4 22. f4 Qh4+ 23. Ke2 Qxf4 24. Rhf1 Qxe4+ 25. Kf2 Qf4+ 26. Kg1 Qe4 27. d3 Qe3+
28. Kh1 d5 29. Rce1 Qg5 30. Bxe5 f6 31. Bxc7 d4 32. Re4 Qd5 33. Rfe1 Qd7 34. Bf4
g5 35. Bd2 f5 36. Re6 Rc8 37. Rxh6 Ne7 38. Bxg5 Nd5 39. Qxd4 f4 40. Qh8+ Kf7 41.
Qh7+ Kf8 42. Qxd7 Ne7 43. Bxe7+ Kg8 44. Bf6 Rf8 45. Qg7# 1-0

[Event "Challenge"]
[Site "http://www.queenalice.com/game.php?id=80358"]
[Date "2006.6.26"]
[Round "-"]
[White "Nias"]
[Black "ramsay"]
[Result "0-1"]
[WhiteElo "1540"]
[BlackElo "1582"]

1. e4 e5 2. a3 Nf6 3. Qf3 Bc5 4. Bc4 b6 5. b4 Be7 6. d3 h6 7. Ne2 Bb7 8. g4 d5
9. Bb3 dxe4 10. dxe4 Bxe4 11. Qe3 Bxh1 12. f3 Nd5 13. Qg1 Bxf3 14. Nec3 Bh4+ 15.
Kf1 Qf6 16. Ba4+ c6 17. Nxd5 Bxd5+ 18. Ke2 Qf3+ 19. Kd2 Bf2 20. Qf1 Qe3+ 21. Kd1
Bf3+ 0-1

[Event "Challenge"]
[Site "http://www.queenalice.com/game.php?id=116262"]
[Date "2006.10.12"]
[Round "-"]
[White "McErik"]
[Black "ramsay"]
[Result "1-0"]
[WhiteElo "1897"]
[BlackElo "1596"]

1. c4 e5 2. Nc3 Bc5 3. Nf3 d6 4. d4 exd4 5. Nxd4 Qf6 6. e3 a6 7. Bd3 Ne7 8. O-O
Bxd4 9. exd4 Qxd4 10. Re1 Be6 11. Rxe6 fxe6 12. Bg6+ Nxg6 13. Qxd4 O-O 14. Qe4
Nc6 15. Qxe6+ Kh8 16. Nd5 Rae8 17. Qxe8 Rxe8 18. Be3 Rc8 19. b3 Nce7 20. Nxe7
Nxe7 21. Re1 Kg8 22. f4 Re8 23. Kf2 Kf7 24. g4 h5 25. h3 b5 26. cxb5 axb5 27. a4
Nd5 28. Bd2 Rh8 29. Kg3 bxa4 30. bxa4 h4+ 31. Kf3 Rb8 32. Ke4 Nf6+ 33. Kf3 Rb3+
34. Re3 Rb2 35. Be1 Rh2 36. Bxh4 Ra2 37. Rc3 Nd5 38. Rd3 c6 39. f5 Rxa4 40. Bg3
g6 41. fxg6+ Kxg6 42. Bxd6 Ra1 43. Bg3 Nf6 44. Be5 Rf1+ 45. Ke2 Rb1 46. Rd6 Rh1
47. Rxf6+ Kg5 48. Rf7 Rxh3 49. Rg7+ Kh6 50. g5+ Kh5 51. Rh7+ 1-0

[Event "Challenge"]
[Site "http://www.queenalice.com/game.php?id=137548"]
[Date "2006.12.5"]
[Round "-"]
[White "mountainmusic2"]
[Black "ramsay"]
[Result "0-1"]
[WhiteElo "1768"]
[BlackElo "1596"]

1. e4 e5 2. d3 Bc5 3. Nf3 d6 4. Nc3 Be6 5. Ng5 Bd7 6. Qh5 Qf6 7. f3 Nh6 8. Nd5
Qd8 9. Nh3 c6 10. Bxh6 gxh6 11. Nc3 Qa5 12. Qxh6 Bb4 13. Kd2 d5 14. Qg7 Rf8 15.
Qxe5+ Be6 16. exd5 cxd5 17. Nf4 d4 18. Qxd4 Nc6 19. Qg7 O-O-O 20. Nxe6 fxe6 21.
Be2 Rd7 22. Qh6 Bd6 23. g3 Nd4 24. f4 Rc7 25. Bg4 Bb4 26. Bxe6+ Kb8 27. Bc4 Re8
28. Kc1 Bxc3 29. Kb1 Bxb2 30. Kxb2 Qb4+ 31. Kc1 Qc3 0-1